Match the Disease to the Pathogen - Statistics

General Stats
  • This quiz has been taken 134 times
  • The average score is 10 of 15
Answer Stats
Pathogen Disease % Correct
SARS-CoV2 COVID-19
99%
Human Immunodeficiency Viruses (HIV) Aquired Immunodeficiency Syndrome (AIDS)
96%
Vibrio cholerae Cholera
93%
Clostridium tetani Tetanus
83%
Bacillus anthracis Anthrax
81%
Plasmodium (vivax/ovale/malariae/falciparum) Malaria
74%
Yersinia pestis Plague
72%
Mycobacterium leprae Leprosy
71%
Varicella-Zoster Virus (HHV-3) Chickenpox/Shingles
66%
Sarcoptes scabiei Scabies
62%
Bordetella pertussis Whooping Cough
54%
Variola (major/minor) Smallpox
44%
Epstein-Barr Virus (HHV-4) Mononucleosis
41%
Treponema pallidum Syphillis
33%
Borrelia burgdorferi Lyme Disease
25%
No matching quizzes found
Score Distribution
Percent of People with Each Score
Percentile by Number Answered
Your Score History
You have not taken this quiz